<?xml version="1.0" encoding="UTF-8"?>
<record
    xmlns:xsi="http://www.w3.org/2001/XMLSchema-instance"
    xsi:schemaLocation="http://www.loc.gov/MARC21/slim http://www.loc.gov/standards/marcxml/schema/MARC21slim.xsd"
    xmlns="http://www.loc.gov/MARC21/slim">

  <leader>00920na  a2200277   4500</leader>
  <datafield tag="952" ind1=" " ind2=" ">
    <subfield code="a">0002</subfield>
    <subfield code="b">0002</subfield>
    <subfield code="d">2019-04-15</subfield>
    <subfield code="l">0</subfield>
    <subfield code="o">347.03502643 T34&#xF6; 2006</subfield>
    <subfield code="p">P00485</subfield>
    <subfield code="r">2019-04-15 00:00:00</subfield>
    <subfield code="w">2019-04-15</subfield>
    <subfield code="y">BKS</subfield>
  </datafield>
  <datafield tag="952" ind1=" " ind2=" ">
    <subfield code="a">0002</subfield>
    <subfield code="b">0002</subfield>
    <subfield code="d">2019-04-15</subfield>
    <subfield code="l">0</subfield>
    <subfield code="o">347.03502643 T34&#xF6; 2006</subfield>
    <subfield code="p">P00486</subfield>
    <subfield code="r">2019-04-15 00:00:00</subfield>
    <subfield code="w">2019-04-15</subfield>
    <subfield code="y">BKS</subfield>
  </datafield>
  <datafield tag="999" ind1=" " ind2=" ">
    <subfield code="c">13141</subfield>
    <subfield code="d">13141</subfield>
  </datafield>
  <controlfield tag="001">16768</controlfield>
  <controlfield tag="003">MIRAKIL</controlfield>
  <controlfield tag="005">20190415155153.0</controlfield>
  <controlfield tag="008">161013b        tu            000 0      </controlfield>
  <datafield tag="020" ind1=" " ind2=" ">
    <subfield code="a">9944890693</subfield>
  </datafield>
  <datafield tag="040" ind1=" " ind2=" ">
    <subfield code="a">Milas</subfield>
    <subfield code="b">tur</subfield>
    <subfield code="c">TR-AnCHP</subfield>
  </datafield>
  <datafield tag="041" ind1=" " ind2=" ">
    <subfield code="a">tur</subfield>
  </datafield>
  <datafield tag="082" ind1=" " ind2=" ">
    <subfield code="a">347.03502643</subfield>
    <subfield code="b">T34&#xF6; 2006</subfield>
  </datafield>
  <datafield tag="090" ind1=" " ind2=" ">
    <subfield code="a">347.03502643 T34&#xF6; 2006</subfield>
  </datafield>
  <datafield tag="100" ind1=" " ind2=" ">
    <subfield code="a">Tekin, &#xD6;nder</subfield>
  </datafield>
  <datafield tag="245" ind1=" " ind2=" ">
    <subfield code="a">&#xD6;zelle&#x15F;tirme uygulamalar&#x131;na ili&#x15F;kin anayasa mahkemesi ve dan&#x131;&#x15F;tay kararlar&#x131;</subfield>
    <subfield code="c">&#xD6;nder Tekin</subfield>
  </datafield>
  <datafield tag="260" ind1=" " ind2=" ">
    <subfield code="a">Ankara</subfield>
    <subfield code="b">TMMOB Elektrik M&#xFC;hendisleri Odas&#x131; Ankara &#x15E;ubesi</subfield>
    <subfield code="c">2006</subfield>
  </datafield>
  <datafield tag="300" ind1=" " ind2=" ">
    <subfield code="a">xiv, 801 s.</subfield>
    <subfield code="c">29 sm.</subfield>
  </datafield>
  <datafield tag="490" ind1=" " ind2=" ">
    <subfield code="a">EMO</subfield>
    <subfield code="v">2</subfield>
  </datafield>
  <datafield tag="610" ind1=" " ind2=" ">
    <subfield code="a">Dan&#x131;&#x15F;tay</subfield>
    <subfield code="x">Mahkeme kararlar&#x131;</subfield>
    <subfield code="y">&#xD6;zelle&#x15F;tirme uygulamalar&#x131;</subfield>
  </datafield>
  <datafield tag="610" ind1=" " ind2=" ">
    <subfield code="a">Anayasa Mahkemesi</subfield>
    <subfield code="x">Mahkeme kararlar&#x131;</subfield>
    <subfield code="y">&#xD6;zelle&#x15F;tirme uygulamalar&#x131;</subfield>
  </datafield>
  <datafield tag="650" ind1=" " ind2=" ">
    <subfield code="a">Ekonomi</subfield>
    <subfield code="x">&#xD6;zelle&#x15F;tirme</subfield>
    <subfield code="y">T&#xFC;rkiye</subfield>
    <subfield code="z">Hukuk ve mevzuat</subfield>
  </datafield>
  <datafield tag="942" ind1=" " ind2=" ">
    <subfield code="2">ddc</subfield>
    <subfield code="c">BKS</subfield>
  </datafield>
  <datafield tag="999" ind1=" " ind2=" ">
    <subfield code="d">13141</subfield>
  </datafield>
  <datafield tag="999" ind1=" " ind2=" ">
    <subfield code="d">3602</subfield>
  </datafield>
</record>
